000 00482nam a2200205Ia 4500
005 20250425162426.0
008 250425s9999 xx 000 0 und d
020 _a8484762033
041 _aspa
082 _a674
245 0 _aEL APROVECHAMIENTO MADERERO
250 _a2A ED.
260 _aEspaƱa
_bMUNDI-PRENSA
_c2004
260 _aMADRID
300 _a628
650 _aTECNOLOGIA DE LA MADERA
650 _aUTILIZACION DE LA MADERA
942 _c01
010 _a72740
999 _c228963
_d228963